| 000 | 00337cam a22001097a 4500 | ||
|---|---|---|---|
| 008 | 180718b1975 xxu||||| |||| 00| 0 eng d | ||
| 082 | _aA75 K45A | ||
| 245 |
_aKerala district gazetteers: Allephey _cedited by A. Sreedhara Menon |
||
| 260 |
_aTrivandrum _bKerala District Gazetteers _c1975 |
||
| 300 | _a630+p. | ||
| 700 | _aMenon, A. Sreedhara | ||
| 999 |
_c487131 _d487131 |
||